Statistics for WSM winners since 2005

Click here to take the quiz!

General Stats

  • This quiz has been taken 20 times
  • The average score is 11 of 16

Answer Stats

YearWinner% Correct
2017Eddie Hall
100%
2018Hafþór Júlíus Björnsson
88%
2013Brian Shaw
82%
2011Brian Shaw
76%
2015Brian Shaw
76%
2016Brian Shaw
76%
2019Martins Licis
71%
2009Žydrūnas Savickas
71%
2010Žydrūnas Savickas
71%
2012Žydrūnas Savickas
71%
2014Žydrūnas Savickas
71%
2020Oleksii Novikov
65%
2008Mariusz Pudzianowski
53%
2007Mariusz Pudzianowski
47%
2006Phil Pfister
41%
2005Mariusz Pudzianowski
35%

Score Distribution

Percentile by Number Answered

Percent of People with Each Score

Your Score History

You have not taken this quiz